00522cam a22001812 4500001001100000005001700011008004100028020001700069040001500086050002000101245008100121250001200202260003700214300001900251650003500270700003200305852000300337000000503620151217145822.0070605s xx 000 0 eng d a032121-565 : aKABUcKABU 0aT385b.C66 199710aComputer graphics :bPrinciples and practice /cJames D. Foley .... [et al.] a2nd ed. aBoston :bAddison-Wesley,c1997. axxiii, 1175 p. 0aComputer graphics.@00001465271 aFoley, James D.@00001482111